000 01486nam a22003497a 4500
999 _c23496
_d23496
003 AR-CdUCM
008 260126b2024 pe ||||| |||| 00| 0 spa d
020 _a978-612-4236-46-4
040 _aMUNICIPALIDAD PROVINCIAL DEL CUSCO
_cBIBLIOTECA MUNICIPAL DEL CUSCO
041 _hspa
082 _a306.4 /
_bS55
100 _aSilva Berrio, Hemerson
_952208
245 _aCh'aqis, rito de amor yanawara /
260 _aCusco :
_bUniversidad Nacional de San Antonio Abad del Cusco,
_c2024.
300 _a143 páginas. :
_c15 x 21 cm.
500 _zpáginas 135 - 137
505 _acontenido: Capítulo I. Contexto histórico -- ¿Qué significa Yanawara? -- El ritual de ch'aqis en las comunidades -- Intercambio de mujeres -- Reglas -- El canto - taki -- La danza tusuy -- qhasway -- La guitarrita -- La confección del traje -- Elaboración -- Colores -- Capítulo II. Interpretación simbólica del ritual -- Estructura -- La semiótica -- Comunicación simbólica....
650 _aCh'aqis
_952209
650 _aEl canto
_952210
650 _aLa danza
_952211
650 _aHerramientas
_942636
650 _aSignificado
_952212
650 _aVísperas de las fiestas
_952213
650 _aEstructura del tiempo
_952214
650 _aEspacio ancestral
_952215
650 _aEpisodios del ritual
_952216
650 _aInfluencia
_952217
700 _aMendoza Gutiérrez, Yeniber
_952218
856 _fwww.unsaac.edu.pe
942 _2ddc
_cLIBROS
945 _ajmcs
_d26/01/2026